Представление документа в формате RUSMARC

ПолеНазваниеЗначение
  Тип записи a
  Библиографический уровень m
001 Контрольный номер RU/IS/BASE/533140585
005 Дата корректировки 20201206205027.3
010 Индекс ISBN __
a ISBN 978-5-905243-08-0 (в обл.)
d Цена 150-00
100 Данные общей обработки __
a Данные общей обработки 19161122d2014||||||| 0rusy0189 ca
101 Язык документа 0_
a Язык текста rus
102 Страна публикации __
a Страна публикации ru
105 Кодированные данные (монография) __
a Кодированные данные (монография) ||||||||000zy
200 Заглавие и сведения об ответственности 1_
a Заглавие Органы исполнительной власти в Российской Федерации: организационно-правовые основы формирования и деятельность
e Сведения, относящиеся к заглавию (организационная структура механизма административно-правового воздействия в РФ: современная модель и проблемы ее совершенствования)
f Первые сведения об ответственности Владимир Нехайчик
b Общее обозначение материала Текст
210 Выходные данные __
a Место издания Сургут
c Издательство Библиографика
d Дата издания 2014
215 Физическое описание __
a Объем 189 с.
d Формат 20 см
300 Общие примечания __
a Общие примечания 500 экз.
320 Библиография __
a Библиография Библиогр. в подстроч. примеч.
330 Аннотация __
a Аннотация Вопросы теории органов исполнительной власти федерального и регионального уровней, правового статуса и порядка их формирования.
606 Тематические рубрики __
a Основная рубрика Право
606 Тематические рубрики __
a Основная рубрика Субъекты административного права
610 Ключевые слова __
a Ключевые слова административное право
a Ключевые слова государственные полномочия
a Ключевые слова исполнительная власть
a Ключевые слова организационные основы
a Ключевые слова органы государственной власти
a Ключевые слова органы исполнительной власти
a Ключевые слова органы местного самоуправления
a Ключевые слова правовые основы
a Ключевые слова публичные полномочия
686 Индексы других классификаций __
2 Код системы rubbks
a Классификационный индекс 67.401.011
700 Автор _1
a Фамилия Нехайчик
b Имя В. К.
g Полное личное имя Владимир Казимирович
4 Код отношения 070
801 Источник записи _0
a Страна ru
b Организация Муниципальное бюджетное учреждение культуры "Централизованная библиотечная система" г. Сургут (Центральная городская библиотека им. А. С. Пушкина)
c Дата составления 20161122
g Правила каталогизации КиК/Котельникова
801 Источник записи _1
a Страна ru
b Организация Муниципальное бюджетное учреждение культуры "Централизованная библиотечная система" г. Сургут (Центральная городская библиотека им. А. С. Пушкина)
c Дата составления 20161122
g Правила каталогизации КиК/Котельникова
852 Данные о местонахождении __
j Шифр хранения 67.401.011
i Авторский знак Н 58
901 Тип документа __
t Тип документа m
903 Характеристики (МАРС) __
a Дата передачи 20161122
990 Данные о заказе (DOS) __
j Количество экземпляров (DOS) 2
t N записи в КСУ для И/У (DOS) 201611